Microfluidics and Nanofluidics : (Record no. 527750)

000 -LEADER
fixed length control field 01399cam a22004097a 4500
001 - CONTROL NUMBER
control field 18665812
003 - CONTROL NUMBER IDENTIFIER
control field NUST
005 - DATE AND TIME OF LATEST TRANSACTION
control field 20211111102312.0
008 - FIXED-LENGTH DATA ELEMENTS--GENERAL INFORMATION
fixed length control field 150619s2014 njua b 001 0 eng d
010 ## - LIBRARY OF CONGRESS CONTROL NUMBER
LC control number 2015430401
015 ## - NATIONAL BIBLIOGRAPHY NUMBER
National bibliography number GBB396729
Source bnb
016 7# - NATIONAL BIBLIOGRAPHIC AGENCY CONTROL NUMBER
Record control number 016525307
Source Uk
020 ## - INTERNATIONAL STANDARD BOOK NUMBER
International Standard Book Number 9780470619032 (hbk.)
035 ## - SYSTEM CONTROL NUMBER
System control number (OCoLC)ocn861647602
038 ## - RECORD CONTENT LICENSOR
Staff Name Khadija
040 ## - CATALOGING SOURCE
Original cataloging agency UKMGB
Language of cataloging eng
Transcribing agency UKMGB
Modifying agency OCLCO
-- CDX
-- YDXCP
-- CUD
-- OCLCF
-- BTCTA
-- BDX
-- LTSCA
-- DLC
042 ## - AUTHENTICATION CODE
Authentication code lccopycat
050 00 - LIBRARY OF CONGRESS CALL NUMBER
Classification number TJ853.4.M53
Item number K58 2014
082 04 - DEWEY DECIMAL CLASSIFICATION NUMBER
Classification number 629.4042
Edition number 23
Author Mark KLE
100 1# - MAIN ENTRY--PERSONAL NAME
Personal name Kleinstreuer, C.,
Relator term author.
9 (RLIN) 30480
245 10 - TITLE STATEMENT
Title Microfluidics and Nanofluidics :
Remainder of title theory and selected applications /
Statement of responsibility, etc. Clement Kleinstreuer.
264 #1 - PRODUCTION, PUBLICATION, DISTRIBUTION, MANUFACTURE, AND COPYRIGHT NOTICE
Place of production, publication, distribution, manufacture Hoboken :
Name of producer, publisher, distributor, manufacturer John Wiley & Sons,
Date of production, publication, distribution, manufacture, or copyright notice [2014]
300 ## - PHYSICAL DESCRIPTION
Extent xvii, 436 pages :
Other physical details illustrations ;
Dimensions 25 cm
336 ## - CONTENT TYPE
Content type term text
Source rdacontent
337 ## - MEDIA TYPE
Media type term unmediated
Source rdamedia
338 ## - CARRIER TYPE
Carrier type term volume
Source rdacarrier
504 ## - BIBLIOGRAPHY, ETC. NOTE
Bibliography, etc. note Includes bibliographical references and index.
530 ## - ADDITIONAL PHYSICAL FORM AVAILABLE NOTE
Additional physical form available note Also issued online.
563 ## - BINDING INFORMATION
Binding note hardcover
650 #0 - SUBJECT ADDED ENTRY--TOPICAL TERM
Topical term or geographic name entry element Microfluidics.
9 (RLIN) 10015
650 #0 - SUBJECT ADDED ENTRY--TOPICAL TERM
Topical term or geographic name entry element Nanofluids.
9 (RLIN) 10016
650 #7 - SUBJECT ADDED ENTRY--TOPICAL TERM
Topical term or geographic name entry element Microfluidics.
Source of heading or term fast
Authority record control number or standard number (OCoLC)fst01736696
9 (RLIN) 10015
650 #7 - SUBJECT ADDED ENTRY--TOPICAL TERM
Topical term or geographic name entry element Nanofluids.
Source of heading or term fast
Authority record control number or standard number (OCoLC)fst01742507
9 (RLIN) 10016
906 ## - LOCAL DATA ELEMENT F, LDF (RLIN)
a 7
b cbc
c copycat
d 2
e ncip
f 20
g y-gencatlg
942 ## - ADDED ENTRY ELEMENTS (KOHA)
Source of classification or shelving scheme
Koha item type Book
Holdings
Withdrawn status Lost status Source of classification or shelving scheme Damaged status Not for loan Permanent Location Current Location Shelving location Date acquired Full call number Barcode Date last seen Price effective from Koha item type
          School of Mechanical & Manufacturing Engineering (SMME) School of Mechanical & Manufacturing Engineering (SMME) General Stacks 08/07/2019 629.4042 KLE SMME-3501 08/07/2019 08/07/2019 Book
© 2023 Central Library, National University of Sciences and Technology. All Rights Reserved.